000 00425nam a2200181Ia 4500
001 9706
005 20260306161738.0
008 260306t1987||||xx |||||||||||||| ||spa||
041 _aESP
082 _a398.85
_bM19
100 _aMaldonado Pomalaza, Hildebrando
_eAUT
245 0 _aPáginas de mi Chalay
260 _c1987
300 _a115 páginas :
_ccm.
650 _aGEN
654 _aCHU
942 _cLIB
_dJUS
_fJUS
_2ddc
_n
999 _c9706
_d9706